<?xml version="1.0" encoding="UTF-8"?>
<record
    xmlns:xsi="http://www.w3.org/2001/XMLSchema-instance"
    xsi:schemaLocation="http://www.loc.gov/MARC21/slim http://www.loc.gov/standards/marcxml/schema/MARC21slim.xsd"
    xmlns="http://www.loc.gov/MARC21/slim">

  <leader>00358nam a2200145   4500</leader>
  <controlfield tag="008">251201b        |||||||| |||| 00| 0 eng d</controlfield>
  <datafield tag="020" ind1=" " ind2=" ">
    <subfield code="a">9798223477440</subfield>
  </datafield>
  <datafield tag="082" ind1=" " ind2=" ">
    <subfield code="a">620.0042 TUT</subfield>
  </datafield>
  <datafield tag="100" ind1=" " ind2=" ">
    <subfield code="a">Tutorial Books</subfield>
  </datafield>
  <datafield tag="245" ind1=" " ind2=" ">
    <subfield code="a">Autodesk Fusion 360 Basics Tutorial</subfield>
  </datafield>
  <datafield tag="260" ind1=" " ind2=" ">
    <subfield code="a">Bangalore</subfield>
    <subfield code="b">Kishore</subfield>
    <subfield code="c">2023</subfield>
  </datafield>
  <datafield tag="300" ind1=" " ind2=" ">
    <subfield code="a">201</subfield>
  </datafield>
  <datafield tag="650" ind1=" " ind2=" ">
    <subfield code="a">Design </subfield>
  </datafield>
  <datafield tag="942" ind1=" " ind2=" ">
    <subfield code="2">ddc</subfield>
    <subfield code="c">R</subfield>
  </datafield>
  <datafield tag="952" ind1=" " ind2=" ">
    <subfield code="0">0</subfield>
    <subfield code="1">0</subfield>
    <subfield code="2">ddc</subfield>
    <subfield code="4">0</subfield>
    <subfield code="6">620_100000000000000_TUT</subfield>
    <subfield code="7">0</subfield>
    <subfield code="8">UG</subfield>
    <subfield code="9">88843</subfield>
    <subfield code="a">SDDTM</subfield>
    <subfield code="b">SDDTM</subfield>
    <subfield code="c">DD</subfield>
    <subfield code="d">2025-12-01</subfield>
    <subfield code="e">Ao Enterprises</subfield>
    <subfield code="g">3995.00</subfield>
    <subfield code="l">0</subfield>
    <subfield code="o">620.1 TUT</subfield>
    <subfield code="p">DD400</subfield>
    <subfield code="r">2025-12-01</subfield>
    <subfield code="y">R</subfield>
    <subfield code="z">Rack No.R14 Shelf No.8</subfield>
  </datafield>
  <datafield tag="952" ind1=" " ind2=" ">
    <subfield code="0">0</subfield>
    <subfield code="1">0</subfield>
    <subfield code="2">ddc</subfield>
    <subfield code="4">0</subfield>
    <subfield code="6">620_100000000000000_TUT</subfield>
    <subfield code="7">0</subfield>
    <subfield code="8">UG</subfield>
    <subfield code="9">88844</subfield>
    <subfield code="a">SDDTM</subfield>
    <subfield code="b">SDDTM</subfield>
    <subfield code="c">DD</subfield>
    <subfield code="d">2025-12-01</subfield>
    <subfield code="e">Ao Enterprises</subfield>
    <subfield code="g">3995.00</subfield>
    <subfield code="l">0</subfield>
    <subfield code="o">620.1 TUT</subfield>
    <subfield code="p">DD401</subfield>
    <subfield code="r">2025-12-01</subfield>
    <subfield code="y">CR</subfield>
    <subfield code="z">Rack No.C11 Shelf No. 4</subfield>
  </datafield>
  <datafield tag="999" ind1=" " ind2=" ">
    <subfield code="c">64067</subfield>
    <subfield code="d">64067</subfield>
  </datafield>
</record>
